[Event "POL-chT U20 2nd League"]
[Site "Sypniewo"]
[Date "2020.??.??"]
[Round "7.52"]
[White "Zalucka, Emilia"]
[Black "Zablocka, Katarzyna"]
[Result "1/2-1/2"]
[WhiteElo "1524"]
[BlackElo "1286"]
[PlyCount "70"]
[EventDate "2020.10.23"]
[EventType "team-swiss"]
[EventRounds "9"]
[EventCountry "POL"]
[SourceTitle "CBM 199 Extra"]
[Source "ChessBase"]
[SourceDate "2021.01.31"]
[SourceVersion "1"]
[SourceVersionDate "2021.01.31"]
[SourceQuality "1"]

1. e4 e5 2. Nf3 Nc6 3. Bb5 a6 4. Ba4 Nf6 5. 0-0 Be7 6. Re1 b5 7. Bb3 0-0 8. h3 d6 9. c3 Nb8 10. d4 Nbd7 11. Nbd2 Bb7 12. Bc2 Re8 13. Nf1 Bf8 14. Ng3 g6 15. Bg5 Bg7 16. Qd2 Qc8 17. Bh6 Bh8 18. Nh2 Nb6 19. b3 Bg7 20. Bxg7 Kxg7 21. f4 Qd8 22. f5 c5 23. Rf1 Rf8 24. Ng4 Nxg4 25. hxg4 f6 26. Kf2 Rh8 27. fxg6 hxg6 28. Rh1 Qe7 29. Rad1 exd4 30. cxd4 c4 31. d5 Rac8 32. Rxh8 Rxh8 33. Qd4 cxb3 34. Bxb3 Nd7 35. Rh1 Rxh1 1/2-1/2